| 000 | 00507cam a2200205ua 4500 | ||
|---|---|---|---|
| 001 | 9013 | ||
| 005 | 20260515114420.0 | ||
| 008 | 150219n ii |||gr||||Z||||||asm | ||
| 020 | _a8173394660 | ||
| 040 | _cMAIN | ||
| 041 | _aasm | ||
| 082 | _a491.451 | ||
| 100 |
_aBora, L. S., _eAuthor. |
||
| 245 | 1 |
_aAsamiya bhasar ruptattva _cBy Lilabati Saikia Bora |
|
| 250 | _a1st. | ||
| 260 |
_aDibrugarh: _bBanalata, _c2011. |
||
| 300 | _a176p. | ||
| 653 | _aEast Indo-European & Celtic languages | ||
| 942 | _cBK | ||
| 999 |
_c8097 _d8097 |
||